000 00606nam a2200169Ia 4500
005 20260601193219.0
008 260601s9999||||xx |||||||||||||| ||und||
020 _a978-981-99-6303-4
_qebk
100 _aYongsheng Ma
245 0 _aProgressive and Integrative Ideas and Applications of Engineering Systems Under the Framework of IOT and AI
250 _a2024
260 _aHeidelberg, Germany
_bSpringer Nature
_c2024
440 _aLecture Notes in Electrical Engineering
650 _aComputer Science
856 _uhttps://link.springer.com/openurl?genre=book&isbn=978-981-99-6303-4
942 _cEB
_2ddc
999 _c55761
_d55761